| 000 | 01129nam a22003497a 4500 | ||
|---|---|---|---|
| 001 | 000496 | ||
| 003 | DO-SdBNP | ||
| 005 | 20171109102917.0 | ||
| 007 | 000496 | ||
| 008 | 160914b 2008 ag a ||||| |||| 00| 0 spa d | ||
| 020 | _a 9876080091 | ||
| 020 | _a9789876080095 | ||
| 040 |
_aBPMSU _bspa _cBPMSU |
||
| 082 | 4 |
_a 372.41 _bN238L |
|
| 100 | 1 | _aNarvarte, Mariana E. | |
| 245 | 1 | 0 |
_aLectoescritura : _baprendizaje integral / _cMariana E. Narvarte ; ilustradores Guillermo Muzzioli, Enrique Cedano |
| 260 |
_aBuenos Aires, Argentina : _bLexus, _bLandeira Ediciones, _c2008 |
||
| 300 |
_a448 p. : _bil. ; _c27 cm. |
||
| 504 | _aBibliografía : p. 448 | ||
| 650 | 4 | _aFACILIDAD DE LECTURA | |
| 650 | 4 | _aLECTURA | |
| 650 | 4 | _aARTES DEL LENGUAJE | |
| 650 | 4 | _aCALIGRAFÍA | |
| 650 | 4 |
_aESPAÑOL _xPRUEBAS DE APTITUD |
|
| 650 | 4 |
_aESCRITURA _xENSEÑANZA BÁSICA |
|
| 700 | 1 | 2 |
_aMuzzioli, Guillermo _eil. |
| 700 | 1 | 2 |
_aCedano, Enrique _eil. |
| 910 | _aValidado. Control de calidad MFF | ||
| 942 |
_2ddc _cBK |
||
| 945 | _aInventariado extranjero / 2017 VM | ||
| 956 |
_2LOPEREZ _310 _620160914 _8BPMSU _a00041 |
||
| 999 |
_c11386 _d11386 |
||